Interpreten nach Lieder #22 - V - Statistiken

Allgemein
  • Dieses Quiz wurde 58 mal gespielt
  • Das Durchschnittsergebnis liegt bei 4 aus 15
Antwortstatistiken
Lieder Interpret % Korrekt
YMCA, Far Away in America, In the Navy Village People
82%
Jump, Panama, Hot for Teacher Van Halen
59%
We're Going To Ibiza, We Like To Party, Up & Down Vengaboys
45%
Riptide, Mess Is Mine, Georgia Vance Joy
43%
Bitter Sweet Symphony, Lucky Man, Sonnet The Verve
37%
Still Counting, Lola Montez, For Evigt Volbeat
27%
Bitch, Wenn du tanzt, Meine Kneipe Von Wegen Lisbeth
25%
Thekenmädchen; Der Tag, an dem die Götter sich betranken; Hoch die Krüge Versengold
24%
Rock mi, Auf der Vogelwiese, Donnawedda voXXclub
24%
Das singende Känguruh, Der Gorilla mit der Sonnenbrille, Theo Theo (Der Fitness-Song) Volker Rosin
22%
Ich sterb für dich, Meilenweit, Geiles Life Vanessa Mai
20%
Black Metal, To Hell and Back, Countess Bathory Venom
12%
Run Away from the Sun, Neon Noir, The Foreverlost VV (Ville Valo)
10%
A-Punk, Campus, Oxford Comma Vampire Weekend
6%
Illusion, Nova (Shina a Light on Me), Control VNV Nation
6%
Keine übereinstimmenden Quizze gefunden
Verteilung der Resultate
Anzahl Personen mit jedem Resultat
Perzentil nach korrekt beantworteten Fragen
Ihre Resultats-Entwicklung
Sie haben dieses Quiz noch nicht gespielt